000 00766nam a2200205Ii 4500
003 JO-AjNU
008 230605s9999||||xx |||||||||||||| ||und||
040 _aJO-AjNU
_bara
_erda
_cJO-AjNU
041 _aara
050 1 4 _aP306.J32 2005
100 3 _aمحمد جابر,جمال تأليف,
_eauthor
_922416
245 0 0 _aمنهجية الترجنة الأدبية بين النظرية والتطبيق: النص الروائي ,نموذجا
250 _aط1
264 3 1 _aالعين:دار الكتاب الجامعي,2005
300 _a265ص
336 _atext
_btxt
_2rdacontent
337 _aunmediated
_bn
_2rdamedia
338 _avolume
_bnc
_2rdacarrier
650 4 _aالترجمة-منهجية الترجمة الادبية-النص الروائي
_922417
999 _aA7952
_c11520
_d11520